[Event "Wch U14"]
[Site "Vung Tau"]
[Date "2008.10.24"]
[Round "6"]
[White "Calugar, Arthur"]
[Black "Litvinov, Konstantin"]
[Result "1-0"]
[WhiteElo "2044"]
[BlackElo "1752"]
[PlyCount "101"]
[GameId "1166651172438016"]
[EventDate "2008.10.20"]
[EventType "swiss"]
[EventRounds "11"]
[EventCountry "VIE"]
[SourceTitle "EXT 2009"]
[Source "ChessBase"]
[SourceDate "2008.11.26"]
[SourceVersion "1"]
[SourceVersionDate "2008.11.26"]
[SourceQuality "1"]

1. Nf3 d5 2. b3 Nf6 3. Bb2 Bf5 4. c4 c6 5. g3 e6 6. Bg2 Nbd7 7. O-O Be7 8. d3 O-O 9. Nbd2 Rc8 10. a3 h6 11. b4 Re8 12. Qb3 Bf8 13. Rfe1 e5 14. e4 dxe4 15. Nxe4 Nxe4 16. dxe4 Bh7 17. Rad1 Qc7 18. Bh3 Rcd8 19. Bxd7 Rxd7 20. Rxd7 Qxd7 21. Nxe5 Qe6 22. f3 Bd6 23. Ng4 f5 24. Qc3 Re7 25. Nf2 Be5 26. Qxe5 Qxe5 27. Bxe5 Rxe5 28. f4 Re8 29. e5 Kf8 30. Rd1 Ke7 31. Nd3 Rd8 32. Nb2 Rxd1+ 33. Nxd1 g5 34. Kf2 Bg8 35. Ne3 Be6 36. Ke2 Kf7 37. fxg5 hxg5 38. Kf3 b6 39. c5 bxc5 40. bxc5 a5 41. Nc2 Bd5+ 42. Ke3 Ke6 43. Kd4 f4 44. gxf4 gxf4 45. Ne1 Kf5 46. Nd3 Kg4 47. e6 Bxe6 48. Ke5 Bc4 49. Nxf4 Bb5 50. Ne6 Kh3 51. Nd4 1-0

[Event "Pan American Intercollegiate-chT"]
[Site "Princeton"]
[Date "2012.12.29"]
[Round "4"]
[White "Ryba, Andrew A"]
[Black "Calugar, Arthur"]
[Result "0-1"]
[WhiteElo "2186"]
[BlackElo "2295"]
[PlyCount "138"]
[GameId "1166656501985280"]
[EventDate "2012.12.27"]
[EventType "team-swiss"]
[EventRounds "6"]
[EventCountry "USA"]
[SourceTitle "CBM 152 Extra"]
[Source "ChessBase"]
[SourceDate "2013.02.25"]
[SourceVersion "1"]
[SourceVersionDate "2013.02.25"]
[SourceQuality "1"]
[WhiteTeam "Columbia"]
[BlackTeam "Dallas II"]
[WhiteTeamCountry "USA"]
[BlackTeamCountry "USA"]

1. Nf3 Nf6 2. c4 g6 3. Nc3 d5 4. cxd5 Nxd5 5. Qa4+ Bd7 6. Qh4 Nxc3 7. bxc3 Nc6 8. Rb1 b6 9. d4 e6 10. Qxd8+ Rxd8 11. e4 Na5 12. Bf4 Ba3 13. Ne5 Ba4 14. Bb5+ Bxb5 15. Rxb5 c6 16. Rb1 c5 17. Bg5 Rc8 18. d5 exd5 19. exd5 c4 20. Bf6 O-O 21. O-O Rfe8 22. Rfe1 Bf8 23. Rbd1 Nb7 24. Nc6 Nc5 25. Nxa7 Rxe1+ 26. Rxe1 Ra8 27. Nc6 Nd7 28. Bd4 Rxa2 29. g4 Ra8 30. Rb1 Bg7 31. Bxb6 Bxc3 32. Be3 Ne5 33. Rc1 Ra1 34. Rxa1 Bxa1 35. h3 Kf8 36. Nb4 Ke7 37. Kf1 Kd6 38. Bf4 Bc3 39. Nc2 Kxd5 40. Ke2 Ke4 41. Be3 f5 42. f4 Nd3 43. gxf5 gxf5 44. Na3 Kd5 45. Kf3 Bb4 46. Nb5 c3 47. Nd4 Bc5 48. Nxf5 c2 49. Bd2 Ke6 50. Ng3 c1=Q 51. Bxc1 Nxc1 52. Kg4 Nd3 53. f5+ Kf7 54. Kh5 Be3 55. Kg4 Ne5+ 56. Kh5 Kf6 57. Ne4+ Kxf5 58. Nd6+ Ke6 59. Ne4 Bf4 60. Nc3 Bc1 61. Ne2 Bd2 62. Ng3 Be3 63. Ne4 Bf4 64. Nc3 Kf5 65. Nd5 Bg5 66. h4 Bd2 67. Nf6 Be3 68. Nxh7 Ng4 69. Ng5 Bf4 0-1

[Event "Richardson UTD op"]
[Site "Richardson"]
[Date "2013.03.09"]
[Round "1"]
[White "Calugar, Arthur"]
[Black "Sadorra, Julio Catalino"]
[Result "0-1"]
[WhiteElo "2299"]
[BlackElo "2551"]
[PlyCount "52"]
[GameId "1166656666451968"]
[EventDate "2013.03.09"]
[EventType "swiss"]
[EventRounds "9"]
[EventCountry "USA"]
[SourceTitle "CBM 153 Extra"]
[Source "ChessBase"]
[SourceDate "2013.04.22"]
[SourceVersion "1"]
[SourceVersionDate "2013.04.22"]
[SourceQuality "1"]

1. e4 e6 2. d4 d5 3. e5 c5 4. c3 Nc6 5. Nf3 Bd7 6. Be2 Nge7 7. O-O Ng6 8. a3 f6 9. Bd3 Qc7 10. Re1 O-O-O 11. Qe2 Be7 12. b4 fxe5 13. dxe5 Rdf8 14. g3 Rf7 15. b5 Na5 16. Bg5 Rxf3 17. Bxe7 Nxe5 18. Bc2 Nac4 19. a4 Be8 20. Bg5 Bh5 21. Qf1 Rhf8 22. Qh3 Bg4 23. Qxh7 Rxf2 24. Bf4 R2xf4 25. gxf4 Nf3+ 26. Kf2 Qxf4 0-1

[Event "Dallas UTD-B"]
[Site "Dallas"]
[Date "2013.11.23"]
[Round "4"]
[White "Calugar, Arthur"]
[Black "Lenderman, Aleksandr"]
[Result "0-1"]
[WhiteElo "2334"]
[BlackElo "2537"]
[PlyCount "88"]
[GameId "1166657677602816"]
[EventDate "2013.11.21"]
[EventType "tourn"]
[EventRounds "9"]
[EventCountry "USA"]
[EventCategory "2"]
[SourceTitle "CBM 157 Extra"]
[Source "ChessBase"]
[SourceDate "2013.12.19"]
[SourceVersion "1"]
[SourceVersionDate "2013.12.19"]
[SourceQuality "1"]

1. b3 e5 2. Bb2 Nc6 3. e3 Nf6 4. Bb5 Bd6 5. Na3 Na5 6. Be2 Be7 7. c4 Nc6 8. Nc2 O-O 9. Nf3 e4 10. Nfd4 Nxd4 11. Nxd4 d5 12. O-O c5 13. Nc2 dxc4 14. Bxc4 Bf5 15. f3 exf3 16. Ne1 f2+ 17. Rxf2 Bg6 18. Nf3 Ne4 19. Rf1 Bf6 20. d4 Qe7 21. Qe2 Rad8 22. Rad1 Bh5 23. dxc5 Bxb2 24. Qxb2 Nxc5 25. Qc3 Ne4 26. Qa5 Bxf3 27. gxf3 b6 28. Qf5 Nd2 29. Rfe1 Nxc4 30. Rxd8 Rxd8 31. bxc4 Qb4 32. Qb1 Qxc4 33. Rd1 Rxd1+ 34. Qxd1 g6 35. Qd2 h5 36. Kg2 a5 37. e4 a4 38. a3 b5 39. Qd6 b4 40. axb4 a3 41. b5 a2 42. Qd8+ Kg7 43. Qa5 Qc2+ 44. Kg3 Qb2 0-1

[Event "Dallas UTD-B"]
[Site "Dallas"]
[Date "2013.11.25"]
[Round "8"]
[White "Moon, Ryan Joseph"]
[Black "Calugar, Arthur"]
[Result "1/2-1/2"]
[WhiteElo "2149"]
[BlackElo "2334"]
[PlyCount "64"]
[GameId "1166657677697024"]
[EventDate "2013.11.21"]
[EventType "tourn"]
[EventRounds "9"]
[EventCountry "USA"]
[EventCategory "2"]
[SourceTitle "CBM 157 Extra"]
[Source "ChessBase"]
[SourceDate "2013.12.19"]
[SourceVersion "1"]
[SourceVersionDate "2013.12.19"]
[SourceQuality "1"]

1. d4 d5 2. c4 c6 3. cxd5 cxd5 4. Nf3 Nf6 5. Nc3 Nc6 6. Bf4 Bf5 7. e3 e6 8. Bd3 Bxd3 9. Qxd3 Bd6 10. Bxd6 Qxd6 11. O-O O-O 12. Rfc1 Rac8 13. h3 a6 14. a3 Rc7 15. Rc2 Rfc8 16. Rac1 Na5 17. Nd2 b5 18. Ncb1 g6 19. b3 Rxc2 20. Rxc2 Rc6 21. Rxc6 Qxc6 22. Qc3 Qxc3 23. Nxc3 Kf8 24. Kf1 Ke7 25. Ke2 Kd6 26. Kd3 Nd7 27. Na2 Nc6 28. Nc3 Na5 29. f4 h6 30. Na2 Nc6 31. Nc3 Na5 32. Na2 Nc6 1/2-1/2

[Event "Dallas UTD Spring op"]
[Site "Dallas"]
[Date "2014.03.10"]
[Round "5"]
[White "Calugar, Arthur"]
[Black "Arvind, C Jayaraman"]
[Result "1/2-1/2"]
[WhiteElo "2280"]
[BlackElo "2277"]
[PlyCount "75"]
[GameId "1166657964011520"]
[EventDate "2014.03.08"]
[EventType "swiss"]
[EventRounds "9"]
[EventCountry "USA"]
[SourceTitle "CBM 159 Extra"]
[Source "ChessBase"]
[SourceDate "2014.04.24"]
[SourceVersion "1"]
[SourceVersionDate "2014.04.24"]
[SourceQuality "1"]

1. b3 d5 2. Bb2 Bg4 3. g3 e6 4. Bg2 Nf6 5. Nf3 Nbd7 6. O-O c6 7. d4 Bd6 8. Ne5 Bh5 9. Nd2 Qc7 10. Ndf3 O-O 11. h3 Bxf3 12. Nxd7 Bxg2 13. Nxf6+ gxf6 14. Kxg2 Kh8 15. c4 Rg8 16. Qd3 f5 17. c5 Be7 18. Bc1 Rg6 19. Kh2 f6 20. Bd2 Rag8 21. Rg1 Bd8 22. b4 Qg7 23. a4 Bc7 24. Qf3 Qd7 25. Rab1 e5 26. Be3 a6 27. Rbd1 f4 28. gxf4 e4 29. Qh5 Rg5 30. Qh4 Qg7 31. Rg3 Rxg3 32. fxg3 f5 33. Rg1 Qf7 34. g4 fxg4 35. Rxg4 Rf8 36. Qg3 Qf5 37. Rg5 Qf7 38. Rg4 1/2-1/2

[Event "Dallas UTD Spring op"]
[Site "Dallas"]
[Date "2014.03.11"]
[Round "6"]
[White "Kiewra, Keaton F"]
[Black "Calugar, Arthur"]
[Result "1/2-1/2"]
[WhiteElo "2406"]
[BlackElo "2280"]
[PlyCount "70"]
[GameId "1166657964130304"]
[EventDate "2014.03.08"]
[EventType "swiss"]
[EventRounds "9"]
[EventCountry "USA"]
[SourceTitle "CBM 159 Extra"]
[Source "ChessBase"]
[SourceDate "2014.04.24"]
[SourceVersion "1"]
[SourceVersionDate "2014.04.24"]
[SourceQuality "1"]

1. Nf3 Nf6 2. c4 g6 3. g3 Bg7 4. Bg2 O-O 5. d4 d5 6. cxd5 Nxd5 7. O-O Nc6 8. Nc3 Nb6 9. e3 Be6 10. Re1 Bc4 11. Nd2 Ba6 12. Nce4 Nd7 13. Nb3 b6 14. Nec5 Nxc5 15. Nxc5 bxc5 16. Bxc6 Rb8 17. Qa4 Qd6 18. Qxa6 Rb6 19. dxc5 Qxc5 20. Qxa7 Qxc6 21. Qa3 Ra8 22. Qd3 Bxb2 23. Bxb2 Rxb2 24. a4 Qc2 25. Qxc2 Rxc2 26. a5 Ra6 27. Ra4 c5 28. Rb1 Rf6 29. Rf1 Ra6 30. Rd1 Rf6 31. Rf1 Ra6 32. Rfa1 c4 33. R1a2 Rxa2 34. Rxa2 c3 35. Kf1 c2 1/2-1/2

[Event "Richardson UTD Fall op"]
[Site "Richardson"]
[Date "2014.11.22"]
[Round "3"]
[White "Calugar, Arthur"]
[Black "Ynojosa Aponte, Felix Jose"]
[Result "1/2-1/2"]
[WhiteElo "2209"]
[BlackElo "2439"]
[PlyCount "105"]
[GameId "1166658925076480"]
[EventDate "2014.11.21"]
[EventType "swiss"]
[EventRounds "9"]
[EventCountry "USA"]
[SourceTitle "CBM 163 Extra"]
[Source "ChessBase"]
[SourceDate "2014.12.23"]
[SourceVersion "1"]
[SourceVersionDate "2014.12.23"]
[SourceQuality "1"]

1. e4 c5 2. Nf3 Nc6 3. d4 cxd4 4. Nxd4 e5 5. Nb5 d6 6. c4 Be7 7. N1c3 a6 8. Na3 Nf6 9. Nc2 O-O 10. Ne3 Nd4 11. Bd3 b5 12. O-O Bb7 13. b3 bxc4 14. bxc4 Nd7 15. Ncd5 Bg5 16. Qg4 Ne6 17. h4 Nf6 18. Qh3 Nf4 19. Nxf4 Bxf4 20. Qf3 Nd7 21. g3 Bxe3 22. Qxe3 Nc5 23. Ba3 Qa5 24. Bc2 Rfd8 25. Rfb1 Qc7 26. Bb4 Bc8 27. Qa3 Qe7 28. Ba5 Rf8 29. Rb6 Be6 30. Bb4 Bxc4 31. Rd1 a5 32. Bxc5 dxc5 33. Rc6 Rfc8 34. Ba4 Be6 35. Rc1 Rxc6 36. Bxc6 Rc8 37. Bb5 Qb7 38. Qxa5 Ra8 39. Rd1 h6 40. Rd8+ Rxd8 41. Qxd8+ Kh7 42. a4 c4 43. f3 Qa7+ 44. Kg2 Qe3 45. Qd1 c3 46. Bd3 Kg8 47. Qc2 Qd4 48. a5 Bb3 49. Qe2 Qa4 50. a6 c2 51. Bxc2 Bxc2 52. a7 Qxa7 53. Qxc2 1/2-1/2

[Event "Richardson UTD Fall op"]
[Site "Richardson"]
[Date "2014.11.25"]
[Round "8"]
[White "Sadorra, Julio Catalino"]
[Black "Calugar, Arthur"]
[Result "1-0"]
[WhiteElo "2596"]
[BlackElo "2209"]
[PlyCount "67"]
[GameId "1166658925375488"]
[EventDate "2014.11.21"]
[EventType "swiss"]
[EventRounds "9"]
[EventCountry "USA"]
[SourceTitle "CBM 163 Extra"]
[Source "ChessBase"]
[SourceDate "2014.12.23"]
[SourceVersion "1"]
[SourceVersionDate "2014.12.23"]
[SourceQuality "1"]

1. d4 d5 2. c4 c6 3. cxd5 cxd5 4. Bf4 Nf6 5. Nc3 a6 6. e3 Nc6 7. Bd3 e6 8. Rc1 Bd6 9. Bxd6 Qxd6 10. f4 b5 11. Nf3 Bb7 12. O-O O-O 13. Ne5 Ne7 14. Qf3 Nd7 15. Qh3 f5 16. g4 Nxe5 17. fxe5 Qd7 18. a3 b4 19. axb4 Bc6 20. Rf2 g6 21. gxf5 exf5 22. Rfc2 Rfb8 23. Ne2 Rxb4 24. Nf4 a5 25. Qg2 Rab8 26. Rxc6 Nxc6 27. Nxd5 Kh8 28. Nf6 Qg7 29. Rxc6 Qh6 30. Qf2 Qg5+ 31. Kh1 Rxb2 32. Qxb2 Rxb2 33. Rc8+ Kg7 34. Rc7+ 1-0

[Event "Richardson UTD Fall op"]
[Site "Richardson"]
[Date "2014.11.26"]
[Round "9"]
[White "Calugar, Arthur"]
[Black "Getz, Alec S"]
[Result "1/2-1/2"]
[WhiteElo "2209"]
[BlackElo "2309"]
[PlyCount "26"]
[GameId "1166658925379584"]
[EventDate "2014.11.21"]
[EventType "swiss"]
[EventRounds "9"]
[EventCountry "USA"]
[SourceTitle "CBM 163 Extra"]
[Source "ChessBase"]
[SourceDate "2014.12.23"]
[SourceVersion "1"]
[SourceVersionDate "2014.12.23"]
[SourceQuality "1"]

1. b3 d5 2. Bb2 Nf6 3. Nf3 c5 4. e3 a6 5. d4 Nc6 6. Ne5 cxd4 7. exd4 Bf5 8. Bd3 Bxd3 9. Qxd3 Rc8 10. a3 e6 11. Nd2 Be7 12. O-O O-O 13. f4 Ne8 1/2-1/2

[Event "Dallas UT Fall op"]
[Site "Dallas"]
[Date "2015.11.24"]
[Round "8"]
[White "Calugar, Arthur"]
[Black "Pamatmat, Jarod John Munda"]
[Result "1/2-1/2"]
[WhiteElo "2206"]
[BlackElo "2232"]
[PlyCount "41"]
[GameId "1166660076507136"]
[EventDate "2015.11.20"]
[EventType "swiss"]
[EventRounds "9"]
[EventCountry "USA"]
[SourceTitle "CBM 169 Extra"]
[Source "ChessBase"]
[SourceDate "2015.12.18"]
[SourceVersion "1"]
[SourceVersionDate "2015.12.18"]
[SourceQuality "1"]

1. Nf3 e6 2. e4 d5 3. exd5 exd5 4. d4 Bd6 5. Nc3 c6 6. Be3 Ne7 7. Qd2 Qc7 8. Bd3 Bg4 9. O-O-O Nd7 10. Ne2 O-O-O 11. h3 Bf5 12. Bf4 Bxf4 13. Qxf4 Bxd3 14. Rxd3 Qxf4+ 15. Nxf4 Nf5 16. Re1 Rde8 17. Rdd1 Nd6 18. Nd3 f6 19. c3 Rxe1 20. Rxe1 Re8 21. Rxe8+ 1/2-1/2

[Event "Candidates Blitz"]
[Site "Toronto CAN"]
[Date "2024.04.08"]
[Round "3.9"]
[White "Zhou, Qiyu"]
[Black "Calugar, Arthur"]
[Result "1-0"]
[WhiteElo "2201"]
[BlackElo "2291"]
[PlyCount "61"]
[GameId "2160767905997821"]
[EventDate "2024.04.08"]
[EventType "swiss (blitz)"]
[EventRounds "9"]
[EventCountry "CAN"]
[SourceTitle "10 Days #756"]
[Source "ChessMix "]
[SourceDate "2024.04.20"]
[SourceVersion "1"]
[SourceVersionDate "2024.04.20"]
[SourceQuality "1"]

1. e4 c5 2. Nf3 Nc6 3. d4 cxd4 4. Nxd4 Nf6 5. Nc3 d6 6. Bg5 e6 7. Qd2 a6 8. O-O-O Bd7 9. f3 Be7 10. h4 h6 11. Be3 h5 12. Kb1 Qc7 13. Be2 b5 14. Nxc6 Bxc6 15. Bd3 b4 16. Ne2 e5 17. Ng3 g6 18. f4 Ng4 19. f5 a5 20. fxg6 fxg6 21. Bg5 Rf8 22. Rhf1 Kd7 23. Bxe7 Kxe7 24. Qg5+ Kd7 25. Qxg6 Rf4 26. Nxh5 Ne3 27. Nxf4 Nxd1 28. Qg4+ Ke8 29. Ne6 Qe7 30. Rf8+ Kd7 31. Rf7 1-0

[Event "Candidates Blitz"]
[Site "Toronto CAN"]
[Date "2024.04.08"]
[Round "4.12"]
[White "Calugar, Arthur"]
[Black "Bao, Tony Bohan"]
[Result "1-0"]
[WhiteElo "2291"]
[BlackElo "1930"]
[PlyCount "115"]
[GameId "2160767905997836"]
[EventDate "2024.04.08"]
[EventType "swiss (blitz)"]
[EventRounds "9"]
[EventCountry "CAN"]
[SourceTitle "10 Days #756"]
[Source "ChessMix "]
[SourceDate "2024.04.20"]
[SourceVersion "1"]
[SourceVersionDate "2024.04.20"]
[SourceQuality "1"]

1. e4 c5 2. Nf3 d6 3. d4 cxd4 4. Nxd4 Nf6 5. Nc3 a6 6. f3 e5 7. Nb3 Be7 8. Be3 Be6 9. Qd2 h5 10. Nd5 Nxd5 11. exd5 Bf5 12. Be2 Nd7 13. O-O Rc8 14. c4 O-O 15. Na5 Qc7 16. b4 Bg6 17. Rac1 Qb8 18. f4 exf4 19. Bxf4 Bf6 20. c5 Be5 21. c6 bxc6 22. Nxc6 Bxf4 23. Qxf4 Qb6+ 24. Kh1 Rfe8 25. Qxd6 Rxe2 26. Ne7+ Kh7 27. Nxc8 Qe3 28. Qf4 Qd3 29. Nd6 Nf6 30. Rfd1 Qa3 31. Qf3 Qxa2 32. Ra1 Qc2 33. Rac1 Qa2 34. Re1 Rf2 35. Qg3 Nxd5 36. Ne4 f6 37. Nxf2 Nxb4 38. Ra1 Qd2 39. Qe3 Qb2 40. Ne4 Nc2 41. Rab1 Qe5 42. Qe2 Nxe1 43. Rxe1 a5 44. Ng3 Qg5 45. Ra1 h4 46. Nf1 h3 47. Ng3 hxg2+ 48. Qxg2 Qe5 49. Qf1 Bf7 50. Re1 Bd5+ 51. Kg1 Qd4+ 52. Qf2 Qg4 53. Qe2 Qd4+ 54. Qe3 Qc4 55. Rc1 Qa2 56. Qf2 Be6 57. Qxa2 Bxa2 58. Ra1 1-0

[Event "Candidates Blitz"]
[Site "Toronto CAN"]
[Date "2024.04.08"]
[Round "5.7"]
[White "Zhao, Jim"]
[Black "Calugar, Arthur"]
[Result "1/2-1/2"]
[WhiteElo "2185"]
[BlackElo "2291"]
[PlyCount "119"]
[GameId "2160767905997843"]
[EventDate "2024.04.08"]
[EventType "swiss (blitz)"]
[EventRounds "9"]
[EventCountry "CAN"]
[SourceTitle "10 Days #756"]
[Source "ChessMix "]
[SourceDate "2024.04.20"]
[SourceVersion "1"]
[SourceVersionDate "2024.04.20"]
[SourceQuality "1"]

1. Nf3 Nf6 2. g3 g6 3. Bg2 Bg7 4. O-O O-O 5. c4 d5 6. cxd5 Nxd5 7. d4 Nb6 8. Nc3 Nc6 9. d5 Na5 10. e4 c6 11. dxc6 Nxc6 12. Qe2 Bg4 13. Be3 Ne5 14. Rfd1 Qc7 15. Rac1 Qc4 16. Nxe5 Bxe2 17. Nxc4 Bxc4 18. b3 Be6 19. Nb5 Rfd8 20. Rxd8+ Rxd8 21. Nxa7 Nd7 22. Nb5 Ne5 23. f4 Ng4 24. Bb6 Rd2 25. h3 Nf6 26. Nd4 Rxa2 27. e5 Nd5 28. Nxe6 fxe6 29. Bf3 Kf7 30. Rd1 Rb2 31. Bf2 g5 32. Bxd5 exd5 33. Rxd5 gxf4 34. gxf4 Rxb3 35. f5 Rb4 36. Rd7 Re4 37. f6 Bf8 38. fxe7 Bxe7 39. Rxb7 Rxe5 40. Kg2 Kg6 41. Bg3 Re4 42. Kf3 Re6 43. Kg4 h5+ 44. Kf3 Bf6 45. Bf4 Rc6 46. Rb3 Rc4 47. Bg3 Rc5 48. Bf2 Ra5 49. Be3 Kf5 50. Bf2 Be5 51. Be3 Rd5 52. Bf2 Ra5 53. Kg2 Kg5 54. Rd3 Ra4 55. Kf3 Kf5 56. Kg2 h4 57. Rb3 Rc4 58. Kf3 Ra4 59. Rd3 Rc4 60. Rb3 1/2-1/2

[Event "Candidates Blitz"]
[Site "Toronto CAN"]
[Date "2024.04.08"]
[Round "7.7"]
[White "Tregubov, Pavel V"]
[Black "Calugar, Arthur"]
[Result "1-0"]
[WhiteElo "2562"]
[BlackElo "2291"]
[PlyCount "75"]
[GameId "2160767906006059"]
[EventDate "2024.04.08"]
[EventType "swiss (blitz)"]
[EventRounds "9"]
[EventCountry "CAN"]
[SourceTitle "10 Days #756"]
[Source "ChessMix "]
[SourceDate "2024.04.20"]
[SourceVersion "1"]
[SourceVersionDate "2024.04.20"]
[SourceQuality "1"]

1. e4 c5 2. Nf3 Nc6 3. Bb5 g6 4. O-O Bg7 5. c3 Nf6 6. Re1 O-O 7. h3 a6 8. Bf1 b5 9. d4 d5 10. e5 Ne4 11. Nbd2 Nxd2 12. Bxd2 c4 13. Qc1 Re8 14. Bh6 Bh8 15. Qf4 f6 16. exf6 Bxf6 17. h4 Bf5 18. h5 Qb8 19. Qd2 Qd6 20. Bf4 Qd7 21. Ne5 Nxe5 22. dxe5 Bg7 23. Rad1 e6 24. h6 Bf8 25. Be2 Bc5 26. Be3 Bxe3 27. Qxe3 g5 28. Qxg5+ Bg6 29. Rd4 Rf8 30. Bg4 Rae8 31. Re3 Kh8 32. Rf4 Rxf4 33. Qxf4 Qe7 34. Rf3 Kg8 35. Qe3 Rd8 36. Rf6 Bf5 37. Qg5+ Kh8 38. Rxf5 1-0

[Event "Candidates Blitz"]
[Site "Toronto CAN"]
[Date "2024.04.08"]
[Round "9.11"]
[White "Plotkin, Mark"]
[Black "Calugar, Arthur"]
[Result "1-0"]
[WhiteElo "2344"]
[BlackElo "2291"]
[PlyCount "119"]
[GameId "2160767906006087"]
[EventDate "2024.04.08"]
[EventType "swiss (blitz)"]
[EventRounds "9"]
[EventCountry "CAN"]
[SourceTitle "10 Days #756"]
[Source "ChessMix "]
[SourceDate "2024.04.20"]
[SourceVersion "1"]
[SourceVersionDate "2024.04.20"]
[SourceQuality "1"]

1. c4 Nf6 2. g3 g6 3. Bg2 d5 4. cxd5 Nxd5 5. Nc3 Nxc3 6. bxc3 Bg7 7. h4 h6 8. Nf3 Nd7 9. Rb1 Nb6 10. O-O O-O 11. Qc2 c6 12. c4 e5 13. d3 Qc7 14. Nd2 Be6 15. Ne4 Nd7 16. Ba3 c5 17. Nc3 Rab8 18. Nb5 Qa5 19. Bb2 a6 20. Bc3 Qd8 21. Nd6 b6 22. Qa4 Qc7 23. Ne4 f5 24. Nd2 a5 25. Rb3 e4 26. Bxg7 Kxg7 27. dxe4 f4 28. Qa3 Ne5 29. Qb2 Kh7 30. Rb1 fxg3 31. Rxg3 Bxc4 32. Nxc4 Nxc4 33. Qc1 Ne5 34. f4 Nd7 35. e5 Rf7 36. e6 Rxf4 37. exd7 Rd4 38. Qe3 Qxd7 39. Rf1 Re8 40. Qf2 Re7 41. h5 g5 42. e3 Rd2 43. Qf6 Qd6 44. Qxd6 Rxd6 45. Rgf3 Kg7 46. e4 Rd2 47. a3 b5 48. Rf5 Rc2 49. R1f2 Rc1+ 50. Rf1 Rc2 51. e5 b4 52. axb4 cxb4 53. e6 Re2 54. Bd5 a4 55. Rf7+ Rxf7 56. Rxf7+ Kh8 57. e7 b3 58. Rf8+ Kg7 59. e8=Q Rxe8 60. Rxe8 1-0

[Event "Thanksgiving op"]
[Site "Toronto CAN"]
[Date "2011.10.09"]
[Round "4"]
[White "Inigo, Aquino"]
[Black "Calugar, Arthur"]
[Result "1/2-1/2"]
[WhiteElo "2154"]
[BlackElo "2376"]
[PlyCount "93"]
[GameId "2160767909648015"]
[EventDate "2011.10.08"]
[EventType "swiss"]
[EventRounds "6"]
[EventCountry "CAN"]
[SourceTitle "EXT 2022"]
[Source "ChessBase"]
[SourceDate "2021.10.06"]
[SourceVersion "1"]
[SourceVersionDate "2021.10.06"]
[SourceQuality "1"]

1. d4 d5 2. c4 c6 3. Nf3 Nf6 4. Nc3 a6 5. c5 Nbd7 6. Bf4 b6 7. cxb6 Qxb6 8. Qc2 e6 9. e3 c5 10. dxc5 Nxc5 11. Be2 Be7 12. O-O O-O 13. Rfc1 Bb7 14. Rab1 Rac8 15. Nd2 Rfd8 16. Qd1 Nfe4 17. Ndxe4 dxe4 18. Qf1 Bf6 19. b4 Nd3 20. Na4 Rxc1 21. Nxb6 Rxf1+ 22. Kxf1 e5 23. Bg3 Be7 24. Nc4 f6 25. a3 Rc8 26. Na5 Bd5 27. f3 Rc2 28. Rd1 Rc3 29. Ra1 Kf7 30. Be1 Rc8 31. Rd1 Rd8 32. fxe4 Bxe4 33. Bf3 Bxf3 34. gxf3 Nxe1 35. Kxe1 Ke6 36. Rxd8 Bxd8 37. Nb3 Bb6 38. e4 f5 39. Ke2 fxe4 40. fxe4 g5 41. h3 Kd6 42. Nd2 Bc7 43. Kf3 h5 44. Nc4+ Kc6 45. a4 Bd6 46. Nxd6 Kxd6 47. Kg3 1/2-1/2

[Event "Thanksgiving op"]
[Site "Toronto CAN"]
[Date "2011.10.09"]
[Round "5"]
[White "Agbabishvili, Lali"]
[Black "Calugar, Arthur"]
[Result "0-1"]
[WhiteElo "2036"]
[BlackElo "2376"]
[PlyCount "74"]
[GameId "2160767909648020"]
[EventDate "2011.10.08"]
[EventType "swiss"]
[EventRounds "6"]
[EventCountry "CAN"]
[SourceTitle "EXT 2022"]
[Source "ChessBase"]
[SourceDate "2021.10.06"]
[SourceVersion "1"]
[SourceVersionDate "2021.10.06"]
[SourceQuality "1"]

1. Nf3 Nf6 2. c4 g6 3. Nc3 Bg7 4. g3 O-O 5. Bg2 d6 6. O-O e5 7. d3 Nc6 8. Rb1 Ne8 9. b4 f5 10. Bg5 Qd7 11. Bd2 h6 12. e4 f4 13. b5 Ne7 14. gxf4 exf4 15. h3 g5 16. Nh2 Ng6 17. Nf3 Nf6 18. Nd5 Nxd5 19. cxd5 Qe7 20. Ne1 Bd4 21. Qh5 Qg7 22. Nf3 Bf6 23. Rfc1 b6 24. Rc2 a6 25. a4 axb5 26. axb5 Ra3 27. Bf1 Kh7 28. Bb4 Ra7 29. Be2 Bd7 30. Rbc1 Bxb5 31. Bc3 Ne5 32. Bxe5 dxe5 33. Nh2 Be8 34. Qg4 h5 35. Qc8 Bd7 36. Rxc7 Bxc8 37. Rxg7+ Kxg7 0-1

[Event "Thanksgiving op"]
[Site "Toronto CAN"]
[Date "2011.10.10"]
[Round "6"]
[White "Calugar, Arthur"]
[Black "Day, Lawrence"]
[Result "1-0"]
[WhiteElo "2376"]
[BlackElo "2212"]
[PlyCount "97"]
[GameId "2160767909648027"]
[EventDate "2011.10.08"]
[EventType "swiss"]
[EventRounds "6"]
[EventCountry "CAN"]
[SourceTitle "EXT 2022"]
[Source "ChessBase"]
[SourceDate "2021.10.06"]
[SourceVersion "1"]
[SourceVersionDate "2021.10.06"]
[SourceQuality "1"]

1. e4 d6 2. d4 g6 3. Nc3 c6 4. f4 d5 5. e5 h5 6. Nf3 Nh6 7. Be3 Qb6 8. Na4 Qa5+ 9. c3 Bg4 10. Be2 Nf5 11. Bf2 e6 12. O-O Nd7 13. b4 Qc7 14. Qc2 Be7 15. Nc5 Nxc5 16. bxc5 Bxf3 17. Bxf3 g5 18. fxg5 Bxg5 19. Qe2 Qa5 20. Rab1 b5 21. cxb6 axb6 22. Bxh5 Qxc3 23. Rxb6 Ra7 24. Rb8+ Bd8 25. Rfb1 Qa5 26. Qf3 Rh7 27. g4 Ne7 28. Qf6 Rd7 29. Rf1 Qa7 30. Bh4 Qxd4+ 31. Rf2 Ra7 32. Bxf7+ Rxf7 33. Qxf7+ Kd7 34. Rxd8+ Kxd8 35. Qf8+ Kc7 36. Qxe7+ Kb6 37. Qd8+ Ka6 38. Qc8+ Kb5 39. Qb8+ Ka6 40. h3 Rf7 41. Qa8+ Kb5 42. Qb8+ Ka6 43. Qc8+ Kb5 44. Qxe6 Rf3 45. Kg2 Rd3 46. Qf5 Qe3 47. g5 Rd1 48. Rb2+ Kc4 49. Qc2+ 1-0

[Event "Labour Day op"]
[Site "Toronto CAN"]
[Date "2011.09.03"]
[Round "1"]
[White "Calugar, Arthur"]
[Black "Wiebe, Daniel"]
[Result "1-0"]
[WhiteElo "2352"]
[BlackElo "2023"]
[PlyCount "47"]
[GameId "2160767909648908"]
[EventDate "2011.09.03"]
[EventType "swiss"]
[EventRounds "6"]
[EventCountry "CAN"]

1. Nf3 Nf6 2. b3 g6 3. Bb2 Bg7 4. g3 d5 5. d4 b6 6. Bg2 Ba6 7. c4 Nbd7 8. Ne5 O-O 9. Nc6 Qe8 10. cxd5 Bb7 11. Ba3 Bxc6 12. dxc6 Nb8 13. Qc2 Qd8 14. e3 Re8 15. Nc3 a5 16. O-O Na6 17. Rfd1 Nb4 18. Qd2 Nbd5 19. Nb5 e6 20. e4 Ne7 21. Rac1 h5 22. Bb2 Nc8 23. Qf4 Kh7 24. Qxc7 1-0